000 00495nam a2200181Ia 4500
003 OSt
005 20260128141314.0
008 210210b1950 xxu||||| |||| 00| 0 eng d
040 _cAL
041 _aKannada
082 _a853/535
100 _aSADASHIVAYYA (T)
_9162107
_dಸದಾಶಿವಯ್ಯ (ಟಿ).
245 _aShivajiya balya:
_b ಶಿವಾಜಿಯ ಬಾಲ್ಯ
260 _aBengaluru
_b-
_c1950
690 _aKannada Drama
_9162110
906 _a019805
942 _2ddc
_cBK
999 _c143952
_d143952